| Tag |
First Indicator |
Second Indicator |
Subfields |
| LEADER |
00000cam a2200000 a 4500 |
| 001 |
in00000103432 |
| 005 |
20150929180410.0 |
| 008 |
730727s1970 orua b s00000 engm |
| 010 |
|
|
|a 70635465
|
| 035 |
|
|
|a (OCoLC)00693321
|
| 035 |
|
|
|9 AAN2653AM
|
| 040 |
|
|
|a DLC
|c DLC
|d TXA
|d UtOrBLW
|
| 049 |
|
|
|a TXAM
|c [1562295]
|
| 050 |
0 |
0 |
|a RC570
|b R38
|
| 082 |
0 |
|
|a 616.8/916/5
|
| 245 |
0 |
0 |
|a Recreation's role in the rehabilitation of the mentally retarded :
|b based on proceedings of the May conference (1969) /
|c edited by Larry L. Neal.
|
| 264 |
|
1 |
|a Eugene, Ore :
|b Dept. of Special Education, University of Oregon,
|c 1970.
|
| 300 |
|
|
|a vi, 89 pages :
|b illustrations ;
|c 26 cm.
|
| 336 |
|
|
|a text
|b txt
|2 rdacontent
|
| 337 |
|
|
|a unmediated
|b n
|2 rdamedia
|
| 338 |
|
|
|a volume
|b nc
|2 rdacarrier
|
| 490 |
1 |
|
|a Oregon studies in the habilitation of the retarded
|
| 490 |
1 |
|
|a Rehabilitation Research and Training Center in Mental Retardation. monograph ;
|v no. 4
|
| 500 |
|
|
|a "Co-sponsored by Division of Research and Training Centers of the Social and Rehabilitation Service and University of Oregon, Rehabilitation Research and Training Center in Mental Retardation [and] Center of Leisure Studies."
|
| 504 |
|
|
|a Includes bibliographies.
|
| 650 |
|
0 |
|a People with mental disabilities
|x Rehabilitation
|x Congresses.
|
| 650 |
|
0 |
|a Recreational therapy
|x Congresses.
|
| 700 |
1 |
|
|a Neal, Larry L.,
|d 1939-
|
| 710 |
1 |
|
|a United States.
|b Social and Rehabilitation Service.
|b Division of Research and Training Centers.
|
| 710 |
2 |
|
|a University of Oregon.
|b Rehabilitation Research and Training Center in Mental Retardation.
|
| 710 |
2 |
|
|a University of Oregon.
|b Center of Leisure Studies.
|
| 830 |
|
0 |
|a Monograph (University of Oregon. Rehabilitation Research and Training Center in Mental Retardation) ;
|v 4.
|
| 830 |
|
0 |
|a Oregon studies in the habilitation of the retarded.
|
| 999 |
|
|
|a MARS
|
| 999 |
f |
f |
|s 50f309aa-8183-32ce-9d3d-01b729de22e5
|i fcfe131b-8966-336f-bfac-1caf62983a27
|t 0
|
| 952 |
f |
f |
|p ric
|a Texas A&M University
|b Rellis Campus
|c Joint Library Facility
|d Remote Storage
|t 0
|e RC570 R38
|h Library of Congress classification
|i unmediated -- volume
|m A14806279638
|
| 998 |
f |
f |
|a RC570 R38
|t 0
|l Remote Storage
|